Palomita blanca /
El chileno Enrique Lafourcade (1927-), perteneciente a la llamada Generación del 50, se formó en filosofía en la Universidad de Chile, aunque pronto se dedicó a la literatura. Sus títulos incluyen El libro de Kareen (1950), La fiesta del Rey Acab (1959), Palomita blanca (1971), Salvador Allende (197...
Na minha lista:
| Autor principal: | |
|---|---|
| Formato: | Livro |
| Idioma: | espanhol |
| Publicado em: |
Santiago, Chile :
Zig-Zag,
2002, c1971
|
| Edição: | 38a edición |
| Colecção: | (Viento Joven)
|
| Assuntos: | |
| Tags: |
Sem tags, seja o primeiro a adicionar uma tag!
|
MARC
| LEADER | 00000nam^a2200000^a^4500 | ||
|---|---|---|---|
| 001 | 000184999 | ||
| 005 | 20250521000000.0 | ||
| 009 | 20260310102137.154 | ||
| 020 | |a 956-12-1332-X | ||
| 037 | |a Acervo ITESO - Biblioteca | ||
| 041 | |a ESP | ||
| 082 | |a 863. |b LAF | ||
| 100 | |a Lafourcade, Enrique |e (autor) | ||
| 245 | 1 | 0 | |a Palomita blanca / |c E. Lafourcade. |
| 250 | |a 38a edición | ||
| 264 | 4 | |a Santiago, Chile : |b Zig-Zag, |c 2002, c1971 | |
| 300 | |a 159 p. | ||
| 336 | |a texto |b txt |2 rdacontenido | ||
| 337 | |a sin mediación |b n |2 rdamedio | ||
| 338 | |a volumen |b nc |2 rdasoporte | ||
| 440 | 1 | |a (Viento Joven) | |
| 520 | |a El chileno Enrique Lafourcade (1927-), perteneciente a la llamada Generación del 50, se formó en filosofía en la Universidad de Chile, aunque pronto se dedicó a la literatura. Sus títulos incluyen El libro de Kareen (1950), La fiesta del Rey Acab (1959), Palomita blanca (1971), Salvador Allende (1973), El gran taimado (1984), Pepita de Oro (1989), Mano bendita (1993), Cristianas viejas y limpias (1997) y Otro baile en París (2000), entre otros. Algunos de los reconocimientos que ha recibido son el Premio Gabriela Mistral y el Premio María Luisa Bombal. | ||
| 649 | |a XX | ||
| 650 | |a Novela Chilena | ||
| 650 | |a Novela Política - |z Chile | ||
| 650 | |a Literatura y Política - |z Chile | ||
| 650 | |a Literatura Chilena - |y Siglo XX | ||
| 650 | |a Política - |z Chile - |x Historia - |y 1970-1973 | ||
| 650 | |a Chile en la Literatura | ||
| 910 | |a Fondo General | ||
| 920 | |a Impresos - Libros | ||
| 930 | |a Colección General | ||
| 940 | |a Literatura | ||
| 905 | |a 101 | ||
| 901 | |a 0500126050 |b IT1 |c LIT |u 20250521 | ||
| 902 | |a https://opac.biblio.iteso.mx/vufind/Record/000184999 | ||